Top 25 Highest Base Defense Pokémon - Statistics

General Stats
  • This quiz has been taken 210 times
    14 since last reset
  • The average score is 12 of 25
Answer Stats
Hint Generation Answer % Correct
230 III (VI) Mega Aggron
89%
230 II (VI) Mega Steelix
89%
230 II Shuckle
89%
211 VII Stakataka
78%
180 III Aggron
67%
200 II Steelix
67%
180 I Cloyster
56%
160 I Onix
56%
200 III Regirock
56%
150 III Registeel
56%
150 VI Aegislash (Shield)
44%
150 VI Carbink
44%
150 VI Diancie
44%
160 IX Pecharunt
44%
160 III (VI) Primal Groudon
44%
184 VI Avalugg
33%
168 IV Bastiodon
33%
160 III Deoxys Defense
33%
184 VI (VIII) Hisuian Avalugg
33%
172 VI (IX) Mega Chesnaught
33%
150 II (VI) Mega Tyranitar
33%
175 VII (IX) Mega Golisopod
22%
152 VII Toxapex
22%
180 I (VI) Mega Slowbro
11%
150 VI Doublade
0%
No matching quizzes found
Score Distribution
Percent of People with Each Score
Percentile by Number Answered
Your Score History
You have not taken this quiz since the last reset